Statystyki dla Wyspy Wielkiej Brytanii

Kliknij tutaj aby rozwiązać quiz!

Ogólne statystyki

  • Ten quiz został rozwiązany 19 razy
  • Średni wynik to 2 z 85

Statystyki odpowiedzi

Powierzchnia (km2)KrajWyspa% Poprawnych
81 638Irlandia PółnocnaIrlandia (Część)
94%
209 331Anglia, Szkocja, WaliaWielka Brytania
76%
618SzkocjaIslay
6%
380AngliaIsle of Wight
6%
2151SzkocjaLewis and Harris
6%
1636SzkocjaSkye
6%
679WaliaAnglesey
0%
429SzkocjaArran
0%
9SzkocjaBaleshare
0%
58SzkocjaBarra
0%
77SzkocjaBenbecula
0%
11SzkocjaBerneray
0%
27SzkocjaBressay
0%
10SzkocjaBurray
0%
121SzkocjaBute
0%
11SzkocjaCanna
0%
18AngliaCanvey Island
0%
74SzkocjaColl
0%
40SzkocjaColonsay
0%
28SzkocjaEday
0%
6SzkocjaEgilsay
0%
30SzkocjaEigg
0%
6SzkocjaEilean Shona
0%
7SzkocjaEriskay
0%
8SzkocjaFair Isle
0%
40SzkocjaFetlar
0%
9SzkocjaFlotta
0%
13SzkocjaFoula
0%
29AngliaFoulness
0%
14SzkocjaGigha
0%
22SzkocjaGreat Bernera
0%
12SzkocjaGreat Cumbrae
0%
8SzkocjaGrimsay
0%
17AngliaHayling Island
0%
6SzkocjaHirta
0%
35WaliaHoly Island
0%
144SzkocjaHoy
0%
9SzkocjaIona
0%
89AngliaIsle of Sheppey
0%
365SzkocjaJura
0%
12SzkocjaKerrera
0%
25SzkocjaLismore
0%
14SzkocjaLuing
0%
509SzkocjaMainland (Orkady)
0%
951SzkocjaMainland (Szetlandy)
0%
18AngliaMersea Island
0%
6SzkocjaMingulay
0%
5SzkocjaMuck
0%
18SzkocjaMuckle Roe
0%
884SzkocjaMull
0%
8SzkocjaNorth Ronaldsay
0%
299SzkocjaNorth Uist
0%
5SzkocjaOronsay
0%
8SzkocjaPabbay
0%
8SzkocjaPapa Stour
0%
9SzkocjaPapa Westray
0%
25AngliaPortsea Island
0%
61SzkocjaRaasay
0%
15Irlandia PółnocnaRathlin Island
0%
10SzkocjaRona
0%
6SzkocjaRonay
0%
47SzkocjaRousay
0%
107SzkocjaRum
0%
49SzkocjaSanday
0%
25SzkocjaScalpay (Hebrydy Wewnętrzne)
0%
7SzkocjaScalpay (Hebrydy Zewnętrzne)
0%
16SzkocjaScarba
0%
10SzkocjaScarp
0%
14SzkocjaSeil
0%
27SzkocjaShapinsay
0%
10SzkocjaSoay
0%
50SzkocjaSouth Ronaldsay
0%
309SzkocjaSouth Uist
0%
7AngliaSt Mary's
0%
34SzkocjaStronsay
0%
14SzkocjaTaransay
0%
78SzkocjaTiree
0%
19SzkocjaUlva
0%
120SzkocjaUnst
0%
9SzkocjaVatersay
0%
14AngliaWalney Island
0%
7SzkocjaWest Burra
0%
47SzkocjaWestrey
0%
20SzkocjaWhalsay
0%
211SzkocjaYell
0%

Rozkład punktacji

Percentyl według liczby udzielonych odpowiedzi

Procent ludzi z każdym wynikiem

Twoja historia wyników

Nie rozwiązałeś tego quizu